ბათუმის შოთა რუსთაველის სახელმწიფო უნივერსიტეტის ბიბლიოთეკა

Prime Time 4. Workbook &Grammar Book (ბიბ.ჩანაწერი № 51276)

000 -LEADER
fixed length control field 00601nam a2200229Ia 4500
001 - CONTROL NUMBER
control field 18238
003 - CONTROL NUMBER IDENTIFIER
control field GE_BSU
008 - FIXED-LENGTH DATA ELEMENTS--GENERAL INFORMATION
fixed length control field 181216s||||||||xx |||||||||||||| ||und||
020 ## - INTERNATIONAL STANDARD BOOK NUMBER
International Standard Book Number 9781471500220
040 ## - CATALOGING SOURCE
Transcribing agency GE_BSU
100 ## - MAIN ENTRY--PERSONAL NAME
Personal name Evans, Virginia. Dooley,Jenny
245 ## - TITLE STATEMENT
Title Prime Time 4. Workbook &Grammar Book
260 ## - PUBLICATION, DISTRIBUTION, ETC.
Place of publication, distribution, etc. Newbury
260 ## - PUBLICATION, DISTRIBUTION, ETC.
Name of publisher, distributor, etc. Express Publishing
260 ## - PUBLICATION, DISTRIBUTION, ETC.
Date of publication, distribution, etc. 2012
300 ## - PHYSICAL DESCRIPTION
Extent 160p.ill.30cm.
653 ## - INDEX TERM--UNCONTROLLED
Uncontrolled term Prime Time 4
653 ## - INDEX TERM--UNCONTROLLED
Uncontrolled term Workbook &Grammar Book
653 ## - INDEX TERM--UNCONTROLLED
Uncontrolled term ინგლისური ენა (გრამატიკა)
942 ## - ADDED ENTRY ELEMENTS (KOHA)
Koha item type წიგნი
ეგზემპლარები
Withdrawn status Lost status Damaged status Not for loan Date acquired Barcode Date last seen Price effective from Koha item type
        2018-12-17 46495 2018-12-17 2018-12-17 წიგნი
        2018-12-17 46496 2018-12-17 2018-12-17 წიგნი
        2018-12-17 46497 2018-12-17 2018-12-17 წიგნი
        2018-12-17 46498` 2018-12-17 2018-12-17 წიგნი
        2018-12-17 46907 2018-12-17 2018-12-17 წიგნი
        2018-12-17 46908 2018-12-17 2018-12-17 წიგნი
        2018-12-17 46910 2018-12-17 2018-12-17 წიგნი
        2018-12-17 46911 2018-12-17 2018-12-17 წიგნი
        2018-12-17 46912 2018-12-17 2018-12-17 წიგნი
        2018-12-17 46909 2018-12-17 2018-12-17 წიგნი